000 00763nam a22002537a 4500
003 DO-SdBNP
005 20180223151645.0
008 151123b 1992 sp a00| 0 spa d
020 _a8430572945
040 _aBPMSU
_bspa
_cBPMSU
082 4 _axxxx
_bxxxx
100 1 _aWood, Jenny.
245 1 0 _aAnimales constructores /
_cJenny Wood ; ilustraciones Mike Atkinson ... [et al.] ; traducción de Isabel Mauhourat.
260 _aMadrid :
_bSusaeta Ediciones,
_c1992.
300 _a48 p. :
_bil. ;
_c27 cm.
490 1 _aAnimales en acción
700 1 2 _aAtkinson, Mike,
_eil.
700 1 2 _aMauhourat, Isabel,
_etr.
830 0 _aAnimales en acción
910 _a00260
942 _2ddc
_cBK
945 _aInventariado, 2018 / BT
956 _aLorenza Pérez
_b10
999 _c8875
_d8875